Most Popular Baby Names, 1880 - Statistics

General Stats
  • This quiz has been taken 83 times
  • The average score is 39 of 100
Answer Stats
Rank Name No. of babies % Correct
1 John 9,655
92%
1 Mary 7,065
87%
3 James 5,927
83%
27 Will 588
83%
4 Elizabeth 1,939
81%
8 Thomas 2,534
79%
5 George 5,126
76%
2 William 9,532
76%
10 Robert 2,415
75%
9 Henry 2,444
73%
18 David 869
70%
2 Anna 2,604
68%
4 Charles 5,348
68%
12 Harry 2,152
68%
11 Edward 2,364
67%
46 Michael 354
67%
25 Daniel 643
65%
6 Frank 3,242
65%
7 Joseph 2,632
65%
10 Sarah 1,288
65%
36 Sam 457
62%
6 Margaret 1,578
60%
31 Peter 496
60%
23 Richard 728
60%
19 Louis 828
59%
3 Emma 2,003
57%
33 Ada 652
56%
24 Andrew 644
54%
17 Samuel 1,024
54%
31 Catherine 688
51%
50 Francis 344
51%
39 Jacob 404
51%
26 Julia 783
51%
19 Grace 982
49%
14 Arthur 1,599
48%
32 Benjamin 490
48%
41 Eva 614
48%
42 Frances 605
48%
15 Fred 1,569
48%
35 Helen 636
48%
16 Albert 1,493
46%
8 Alice 1,414
46%
37 Louise 635
44%
30 Rose 700
44%
34 Lillie 647
43%
14 Florence 1,063
40%
17 Laura 1,012
40%
16 Martha 1,040
40%
11 Annie 1,258
38%
47 Bert 348
38%
13 Walter 1,755
37%
33 Frederick 483
35%
12 Clara 1,226
33%
13 Ella 1,156
33%
28 Edith 768
32%
20 Joe 731
32%
35 Alfred 469
30%
38 Ethel 635
30%
32 Lillian 672
30%
42 Carl 372
29%
21 Charlie 730
29%
50 Josephine 544
29%
44 Lucy 590
29%
45 Martin 357
29%
40 Tom 399
29%
9 Bertha 1,320
27%
49 Jim 345
27%
45 Edna 588
25%
30 Lewis 517
25%
48 Daisy 564
22%
25 Gertrude 787
22%
24 Jennie 793
22%
22 Mabel 808
21%
15 Cora 1,045
19%
44 Howard 357
19%
43 Lee 361
19%
46 Maggie 582
19%
18 Nellie 995
19%
29 Oscar 544
19%
28 Jesse 569
17%
36 Jessie 635
17%
49 Fannie 560
16%
26 Ernest 615
14%
7 Ida 1,472
14%
43 Lena 603
14%
23 Bessie 796
13%
22 Clarence 730
13%
21 Maude 859
11%
47 Pearl 569
11%
37 Roy 440
11%
38 Herbert 424
10%
5 Minnie 1,746
8%
34 Willie 476
8%
20 Carrie 949
6%
40 Myrtle 615
6%
41 Elmer 373
5%
27 Hattie 769
5%
48 Herman 347
5%
39 Lula 621
5%
29 Mattie 704
5%
No matching quizzes found
Score Distribution
Percent of People with Each Score
Percentile by Number Answered
Your Score History
You have not taken this quiz